000 00353nam a2200157Ia 4500
008 221030s9999 xx 000 0 und d
020 _a0070472394
041 _aEnglish
082 _a105.23
100 _aW. Goralski
245 0 _aOptical Networking & WDM
260 _bTMH
_aNew Delhi
_c2005
300 _a556
650 _aBE Computer
942 _cBK
999 _c5720
_d5720